Geography of Indiana Quiz Stats

 Plays Quiz not verified by Sporcle

Challenge
Share
Tweet
Score 0/52 Timer 15:00
0 Plays Today
Hint Answer % Correct
Capital CityIndianapolis
98.5%
Largest Metro AreaIndianapolis
98.5%
Largest Cities: #1Indianapolis
98.5%
Bordering State #3Ohio
96.6%
Major River: COhio River
96.6%
Bordering State #1Illinois
96.1%
Bordering State #4Kentucky
95.1%
Major Lake: PLake Michigan
95.1%
Bordering State #2Michigan
94.6%
Largest Cities: #2Fort Wayne
90.2%
Highest Point: AHoosier Hill
88.7%
DemonymHoosier
88.7%
Largest Cities: #9Gary
85.3%
Largest Cities: #3Evansville
84.3%
Largest Cities: #4South Bend
82.8%
Major River: EWhite River (East and West Forks)
74.5%
NicknameHoosier State
73.5%
Major River: DWabash River
69.1%
Largest Cities: #5Bloomington
66.2%
Year Became a StateDecember 11, 1816
64.2%
Largest Cities: #10Muncie
62.3%
Largest Cities: #7Carmel
58.8%
Largest Cities: #8Hammond
58.3%
Largest Cities: #6Fishers
49.5%
Rank in Population among US States16th
48.5%
National Lakeshore: UIndiana Dunes
43.6%
Hint Answer % Correct
Rank in Area among US States38th
40.7%
National Memorial (Person): WLincoln Boyhood National Memorial
29.4%
Major River: FSt. Joseph River (Lake Michigan)
28.4%
Major Lake: QLake Monroe
23.5%
Major River: NSt. Joseph River (Maumee)
23%
Population (to nearest 100,000)6,596,855
22.5%
Approximate Width140 miles
20.6%
Major River: GTippecanoe River
19.1%
Approximate Length270 miles
18.6%
Major River: IMaumee River
18.1%
Major River: JKankakee River
18.1%
Major River: HPatoka River
14.7%
Major Lake: RPatoka Lake
14.7%
Area (to nearest 1000 sq. mile or km)36,418 sq mi
13.2%
Major River: MSt. Marys River
12.7%
National Historic Park (Person): XGeorge Rogers Clark National Historic Park
12.7%
Major River: LWhitewater River
11.3%
Now-drained Major Swamp: TGreat Black Swamp
10.8%
Major Lake: SBrookville Lake
9.8%
Physiographic Region: IGreat Lakes Plain
9.3%
Physiographic Region: IITipton Till Plain
7.8%
Major River: KMississinewa River
7.8%
Major River: OSalamonie River
7.8%
Physiographic Region: IIISouthern Hills and Lowlands
7.4%
National Landmark Bog: VPinhook Bog
3.4%
Lowest Point: BConfluence of Ohio River and Wabash River
2.5%

You're not logged in!

Compare scores with friends on all Sporcle quizzes.
OR
Log In

You Might Also Like...

Show Comments

Extras

Top Quizzes Today


Score Distribution

Your Account Isn't Verified!

In order to create a playlist on Sporcle, you need to verify the email address you used during registration. Go to your Sporcle Settings to finish the process.

Report this User

Report this user for behavior that violates our Community Guidelines.

Details: